|
|
|
|
| LEADER |
00000 a2200000 4500 |
| 003 |
CL-VaPUC |
| 005 |
20230526112515.0 |
| 008 |
220803t2016 ||||| |||| 00| 0 eng d |
| 999 |
|
|
|c 437912
|d 437910
|
| 020 |
|
|
|a 978-2-13-065215-1
|
| 040 |
|
|
|c Pontificia Universidad Católica de Valparaíso
|
| 082 |
|
7 |
|a 261.70902 IOG 2016
|2 22
|
| 100 |
|
|
|a Iogna-Prat, Dominique
|9 874703
|e autora
|
| 245 |
|
|
|a Cité de Dieu, cité des hommes.
|b l'Église et l'architecture de la société, 1200-1500.
|
| 250 |
|
|
|a 1re édition.
|
| 260 |
|
|
|a Paris, France:
|b PUF,
|c 2016.
|
| 300 |
|
|
|a 501 páginas.
|
| 583 |
|
|
|k GC
|c 20220803
|
| 650 |
|
|
|a Ciudades y pueblos
|y Edad Media
|9 875610
|
| 650 |
|
|
|a Espacios públicos
|z Europa
|x Historia
|y 500-1500
|9 875611
|
| 651 |
|
|
|a Europa
|x Historia religiosa
|y Edad Media
|9 875612
|
| 942 |
|
|
|2 ddc
|c BK
|
| 952 |
|
|
|0 0
|1 0
|2 ddc
|4 0
|6 261_709020000000000_IOG_2016
|7 0
|8 A
|9 585765
|a BIBHIS
|b BIBHIS
|c GEN
|d 2022-08-03
|e 1
|g 43549.00
|i 5653727
|l 1
|o 261.70902 IOG 2016
|p 5653727
|r 2025-01-20
|s 2023-06-12
|t 1
|v 43549.00
|w 2022-08-03
|y BK
|k HIS
|
| 952 |
|
|
|0 0
|1 0
|2 ddc
|4 0
|6 261_709020000000000_IOG_2016
|7 0
|8 A
|9 586739
|a BIBHIS
|b BIBHIS
|c GEN
|d 2022-09-14
|e 2
|g 38876.33
|i 5654608
|o 261.70902 IOG 2016
|p 5654608
|r 2025-01-20
|t 4
|v 38876.33
|w 2022-09-14
|y BK
|k HIS
|
| 952 |
|
|
|0 0
|1 0
|2 ddc
|4 0
|6 261_709020000000000_IOG_2016
|7 0
|8 A
|9 586740
|a BIBHIS
|b BIBHIS
|c GEN
|d 2022-09-14
|e 2
|g 38876.33
|i 5654607
|l 1
|m 14
|o 261.70902 IOG 2016
|p 5654607
|q 2025-07-11
|r 2023-06-15
|s 2023-06-15
|t 3
|v 38876.33
|w 2022-09-14
|y BK
|k HIS
|
| 952 |
|
|
|0 0
|1 0
|2 ddc
|4 0
|6 261_709020000000000_IOG_2016
|7 0
|8 A
|9 586741
|a BIBHIS
|b BIBHIS
|c GEN
|d 2022-09-14
|e 2
|g 38876.33
|i 5654606
|o 261.70902 IOG 2016
|p 5654606
|r 2025-01-20
|t 2
|v 38876.33
|w 2022-09-14
|y BK
|k HIS
|
| 952 |
|
|
|0 0
|1 0
|2 ddc
|4 0
|6 261_709020000000000_IOG_2016
|7 0
|8 A
|9 590221
|a BIBHIS
|b BIBHIS
|c GEN
|d 2023-05-26
|e 1
|g 45956.00
|i 5657560
|o 261.70902 IOG 2016
|p 5657560
|r 2025-01-20
|t 5
|v 45956.00
|w 2023-05-26
|y BK
|k HIS
|